00691nam 2200181 45000010005000000900009000051000041000141010008000552000098000632100050001612150025002116060077002366060031003136070017003447100039003618010020004009950089004206093 a6093 a20190729k u||y0frey50 ba aspa aSobre la Central nuclear de Santa Maria de GeroñabBrochuref[Coordinadora contra Garoña] a[S.l.]cCoordinadora contra Garoñad[1986?] a[17] p.cill.d30 cm 97012aCentrale nucléaire Santa María de GaroñayEspagnez1971-2012 9648aNucléaire (Energie) 9493aEspagne 97011aCoordinadora contra Garoña aCHbCH-002049-8 10203052026-06-1997077bARCHICcARCHICeBrochuresf7922hContratomkBroch 2748o1